| 000 | 00965cab a2200301 4500 | ||
|---|---|---|---|
| 001 | ABS47832 | ||
| 008 | 090401t1993 xxu||||| |||| 00| 0 eng d | ||
| 035 | _a(Sirsi) u63570 | ||
| 041 | _aeng | ||
| 100 | _aWyatt, D. | ||
| 245 | _aAfter the EC judgment | ||
| 260 | _c1993 | ||
| 350 | _a0 | ||
| 490 |
_aEstates Gazette _v(9302) 16 January 1993, 94 (1) |
||
| 520 | _aNow that the Europen Court has found that national legislation to end Sunday opening for shops is compatible with EC law, the author looks forward to how the UK will respond. | ||
| 650 | _aEC LAW | ||
| 650 | _aPROPORTIONALITY | ||
| 650 | _aRETAILING | ||
| 650 | _aSHOPPING HOURS REFORM COUNCIL | ||
| 650 | _aSHOPS ACT 1950 | ||
| 650 | _aSUNDAY TRADING | ||
| 650 | _aUNION DEPARTEMENTALE DES SYNDICATE CGT DE LAISNE V CONFORMA | ||
| 690 | _aPROPERTY-COMMERCIAL PROPERTY-RETAIL PROPERTY | ||
| 690 | _aECONOMIC AND SOCIAL | ||
| 690 | _aLAW | ||
| 942 | _n0 | ||
| 948 | _c04/03/1997 | ||
| 999 |
_c39517 _d39517 |
||